| 000 | 00719nam a2200217 a 4500 | ||
|---|---|---|---|
| 001 | 41856 | ||
| 003 | BD-RjUL | ||
| 005 | 20211209053448.0 | ||
| 008 | 160608s1962 enk 001 0 eng d | ||
| 035 | _a(BD-RjUL) 41974 | ||
| 040 |
_aZGM _dm.c _dBD-RjUL _beng _c41974 |
||
| 041 | _aeng | ||
| 082 |
_223 _a324.660941 _bOLE 1962 |
||
| 100 | 1 |
_aO'Leary, Cornelius. _9128574 |
|
| 245 | 1 | 4 |
_aThe elimination of corrupt practices in British elections, 1868-1911 / _cCornelius O'Leary. |
| 260 |
_aOxford : _bClarendon Press, _c1962. |
||
| 300 |
_a253 p. ; _c22 cm. |
||
| 504 | _aIncludes bibliographical references (p. [239]-241) and index. | ||
| 650 | 0 |
_aElections _xCorrupt practices _zGreat Britain. _9128575 |
|
| 942 |
_2ddc _cBK |
||
| 999 |
_c41856 _d41856 |
||